Western Carpathian and selected European Sb-mineralizations Pb-isotope study /

Elmentve itt :
Bibliográfiai részletek
Szerzők: Andráš P.
Chovan Martin
Schroll E.
Neiva A. M. R.
Král J.
Zachariáš J.
Dokumentumtípus: Cikk
Megjelent: Department of Mineralogy, Geochemistry and Petrology, University of Szeged Szeged 2003
Sorozat:Acta mineralogica-petrographica 1
Acta mineralogica-petrographica : abstract series 1
Kulcsszavak:Földtan, Kőzettan, Ásványtan
Tárgyszavak:
Online Access:http://acta.bibl.u-szeged.hu/31305
LEADER 01080nab a2200277 i 4500
001 acta31305
005 20260212145222.0
008 161017s2003 hu o 000 eng d
022 |a 0324-6523, 1589-4835 
040 |a SZTE Egyetemi Kiadványok Repozitórium  |b hun 
041 |a eng 
100 1 |a Andráš P. 
245 1 0 |a Western Carpathian and selected European Sb-mineralizations   |h [elektronikus dokumentum] :  |b Pb-isotope study /  |c  Andráš P. 
260 |a Department of Mineralogy, Geochemistry and Petrology, University of Szeged  |b Szeged  |c 2003 
300 |a 4 
490 0 |a Acta mineralogica-petrographica  |v 1 
490 0 |a Acta mineralogica-petrographica : abstract series  |v 1 
650 4 |a Természettudományok 
650 4 |a Föld- és kapcsolódó környezettudományok 
695 |a Földtan, Kőzettan, Ásványtan 
700 0 1 |a Chovan Martin  |e aut 
700 0 1 |a Schroll E.  |e aut 
700 0 1 |a Neiva A. M. R.  |e aut 
700 0 1 |a Král J.  |e aut 
700 0 1 |a Zachariáš J.  |e aut 
856 4 0 |u http://acta.bibl.u-szeged.hu/31305/1/mineralogica_as_001_004.pdf  |z Dokumentum-elérés